000 00658nam a2200253Ia 4500
003 OSt
005 20220926012908.0
006 a|||||r|||| 00| 0
007 ta
008 220923b |||||||| |||| 00| 0 eng d
020 _a0673994759
037 _cGeneral Book
040 _aRTL
_cRTL
_beng
041 _2eng
_aeng
082 _aX:77, M7; N6
100 _aHogendorn Jan S
245 0 _aEconomic development
250 _a3rd
260 _aNew York
_bHapder Collins
_c1996
300 _axi, 627p.
_ccm.
650 _aEconomics Development
942 _hX:77, M7; N6
_cGB
_2CC
999 _c624646
_d624646